La odisea de un desconocido en el trujillato / Pedro León Marte (Registro nro. 4053)

Detalles MARC
000 -LEADER
fixed length control field 00487nam a22001691a 4500
001 - CONTROL NUMBER
control field 4053
003 - CONTROL NUMBER IDENTIFIER
control field OSt
005 - DATE AND TIME OF LATEST TRANSACTION
control field 20260204211913.0
008 - FIXED-LENGTH DATA ELEMENTS--GENERAL INFORMATION
fixed length control field 050606s1986||||dr ||||||b||||||||||spa||
050 ## - LIBRARY OF CONGRESS CALL NUMBER
Classification number RD 972.93053 L552o
100 ## - ASIENTO PRINCIPAL -- NOMBRE PERSONAL
Personal name León Marte, Pedro
245 ## - TÍTULO PROPIAMENTE DICHO: SUBTÍTULO
Title La odisea de un desconocido en el trujillato / Pedro León Marte
264 ## - PRODUCTION, PUBLICATION, DISTRIBUTION, MANUFACTURE, AND COPYRIGHT NOTICE
Place of production, publication, distribution, manufacture Santo Domingo: Biblioteca Nacional
300 ## - PHYSICAL DESCRIPTION
Extensión 119 p
650 ## - ASIENTO SECUNDARIO DE MATERIA -- TERMINO TEMÁTICO
Termino Temático Como Elemento de Entrada 1.República Dominicana - Historia - Era de TrujilloÌ
942 ## - ADDED ENTRY ELEMENTS (KOHA)
Source of classification or shelving scheme Dewey Decimal Classification
Koha item type Libros
Existencias
Withdrawn status Lost status Source of classification or shelving scheme Damaged status Not for loan Current library Date acquired Total Checkouts Full call number Barcode Date last seen Price effective from Koha item type
    Dewey Decimal Classification     Biblioteca UTECO 09/09/2019   RD 972.93053 L552O 008817 09/09/2019 09/09/2019 Libros
© 2021 Derechos Reservados UTECO - Teléfono: +1 809-585-2291 - Correo electrónico: biblioteca@uteco.edu.do​  
Código postal 43000 ​​
Dirección: Avenida Universitaria No. 100, 
Cotuí, Provincia Sánchez Ramírez, República Dominicana - RNC: 404-00059-6